000 00573nam a2200181Ia 4500
003 GCL
008 140319s9999 xx 000 0 ara d
040 _aGCL /
_cGCL
082 0 4 _a189
_bم ف
100 1 _aمحمد تقى المدرس
245 1 0 _aالفكر الاسلامى : مواجهة حضارية /
_cمحمد تقى المدرس
250 _aالثانية
260 _aبيروت :
_bدار الجيل ،
_c1988
300 _a445 ص ؛
_c24 سم
650 0 4 _aالفلسفة الاسلامية
650 0 4 _aالفكر الاسلامى
942 _2ddc
_cBK
999 _c53629
_d53629